000 00278nam a2200109Ia 4500
008 200302s9999 xx 000 0 und d
100 _aKen Worpole
245 _aContemporary Library Architecture
260 _bRoutledge Taylor & Francis Group
260 _c2013
300 _a197 P.,
999 _c4352
_d4352